00537nam a22001937a 4500003000400000005001700004008004100021010001500062020002600077035001400103037001300117040000600130082000800136100002800144245007000172260004200242270003900284300002000323dpl20240312150329.0240305b |||||||| |||| 00| 0 eng d aENG-139672 a9789387306035c950.00 aEN-123204 bDBAD/PUB c. a200 aChaubey DevbrateAuthor aThe Sacred Book Of Indian Religions/SonarpuracBy Devbrat Chaubey aSonarpurabPrachya Vidya Bhawanc2018 aB5/25 Oudhgarvi bVaranasie221001 a276p;c22cm(hb)